• 首页
  • 本馆介绍
  • 公告通知
  • 最新文献
  • 馆藏检索
  • 电子资源
  • 读者导购
  • 参考咨询
  • 我的图书馆
  • 登录
  • 详细信息显示
  • 放入我的书架
  • 预约/预借图书
  • 作者相关作品
  • 分类相关作品
  • 丛书相关作品
  • 出版社相关作品

书目信息

  • 表格格式
  • 工作单格式
  • 卡片格式
题名:
地籍管理的原理与方法
    
 
作者: 谭峻 编著
分册:  
出版信息: 北京   中国人民大学出版社  2005
页数: 280页
开本: 23cm
丛书名:
单 册:
中图分类: P273
科图分类:
主题词: 地籍管理--高等学校--教材 , 地籍管理
电子资源:
ISBN: 7-300-06615-1
000 00946nam0 2200265 450
000 00959nam0 2200265 450
000 00892nam0 2200241 450
000 00856oam2 2200229 45
005 20070722172514.78
010    @a7-300-06615-1@dCNY22.00
100    @a20070627d2005 em y0chiy0120 ea
101 0  @achi
102    @aCN@b110000
105    @ay z 000yy
200 1  @a地籍管理的原理与方法@ADi Ji Guan Li De Yuan Li Yu Fang Fa@f谭峻等编著@FTan Jun Deng Bian Zhu
210    @a北京@c中国人民大学出版社@d2005
215    @a280页@d23cm
300    @a21世纪土地资源管理系列教材@f叶剑平主编
330    @a本书论述了地籍管理的理论和方法,不仅阐述了土地产权类型及其权能,土地权利取得方式,权属确定和权属争议调处方法,还对地籍调查、土地登记、地籍信息管理等进行了研究。
606 0  @a地籍管理@x高等学校@j教材
606 0  @a地籍管理
690    @aP273@v4
701  0 @a谭峻@ATan Jun@4编著
801  0 @aCN@bTAOJIN@c20070722
905    @a10447@dP273@e151
    
    地籍管理的原理与方法/谭峻等编著.-北京:中国人民大学出版社,2005
    280页;23cm
    21世纪土地资源管理系列教材
    
    ISBN 7-300-06615-1:CNY22.00
    本书论述了地籍管理的理论和方法,不仅阐述了土地产权类型及其权能,土地权利取得方式,权属确定和权属争议调处方法,还对地籍调查、土地登记、地籍信息管理等进行了研究。
●
相关链接 在E读中查询图书 在五车中查询图书 在当当中查询图书 在豆瓣中查询图书


正题名:地籍管理的原理与方法     索取号:P273/151         预约/预借

序号 登录号 条形码 馆藏地/架位号 状态 备注
1 0823050   208230500   第二样本阅览室/ [索取号:P273/151] 在馆    
2 0823051   208230519   第三借阅区/ [索取号:P273/151] 在馆    
3 0823052   208230528   第三借阅区/ [索取号:P273/151] 在馆    
4 0823053   208230537   第三借阅区/ [索取号:P273/151] 在馆    
5 0823054   208230546   第三借阅区/ [索取号:P273/151] 在馆    
6 0823055   208230555   第三借阅区/ [索取号:P273/151] 在馆    
7 0823056   208230564   第三借阅区/ [索取号:P273/151] 在馆    
8 0823057   208230573   第三借阅区/ [索取号:P273/151] 在馆    
唐山师范学院图书馆 欢迎您!
大连网信软件有限公司© 版权所有